[Event "RB-2015-0-00275"]
[Site "LSS email"]
[Date "2015.03.07"]
[Round "?"]
[White "Hatsek, Werner"]
[Black "Semenov, Stanislav"]
[Result "1/2-1/2"]
[WhiteElo "1982"]
[BlackElo "2078"]
[PlyCount "62"]
[EventDate "2015.01.03"]
[EventType "tourn (corr)"]
[EventRounds "6"]
[EventCountry "GER"]
[SourceTitle "Corr 2022"]
[Source "ChessBase"]
[SourceDate "2021.10.24"]
[SourceVersion "1"]
[SourceVersionDate "2021.10.24"]
[SourceQuality "1"]

1. e4 c5 2. Nf3 Nc6 3. d4 cxd4 4. Nxd4 g6 5. Nc3 Bg7 6. Be3 Nf6 7. Be2 0-0 8. 0-0 d5 9. exd5 Nb4 10. d6 Qxd6 11. Ncb5 Qb8 12. c4 Nc6 13. Nxc6 bxc6 14. Nd4 Qc7 15. Qa4 Bg4 16. Qc2 e5 17. Nb3 Bf5 18. Qc3 a5 19. Nc5 Rfd8 20. Rad1 Ng4 21. Rxd8+ Rxd8 22. Bxg4 Bxg4 23. Qc1 Bf8 24. b3 Bf5 25. Na4 Rd3 26. Bb6 Qd7 27. Bxa5 h5 28. Qe1 f6 29. Qe2 Rd4 30. Ra1 h4 31. Bc3 Rd3 1/2-1/2

[Event "RB-2015-0-00275"]
[Site "LSS email"]
[Date "2015.03.07"]
[Round "?"]
[White "Pilgram, Kurt"]
[Black "Semenov, Stanislav"]
[Result "1/2-1/2"]
[WhiteElo "1906"]
[BlackElo "2078"]
[PlyCount "54"]
[EventDate "2015.01.03"]
[EventType "tourn (corr)"]
[EventRounds "6"]
[EventCountry "GER"]
[SourceTitle "Corr 2022"]
[Source "ChessBase"]
[SourceDate "2021.10.24"]
[SourceVersion "1"]
[SourceVersionDate "2021.10.24"]
[SourceQuality "1"]

1. d4 d5 2. c4 e6 3. Nf3 Nf6 4. Nc3 h6 5. Bf4 Bd6 6. Bxd6 cxd6 7. cxd5 Nxd5 8. Nxd5 exd5 9. e3 0-0 10. Bd3 Nc6 11. 0-0 Qb6 12. b3 Bd7 13. Rc1 g6 14. Qd2 Kg7 15. Rfd1 Rfc8 16. Qb2 a5 17. a3 Ne7 18. Nd2 Bb5 19. Bxb5 Qxb5 20. Nb1 a4 21. b4 Rxc1 22. Rxc1 Rc8 23. Nc3 Qc4 24. h3 h5 25. Qa1 h4 26. Kh1 b5 27. Qb1 g5 1/2-1/2

[Event "RC-2012-0-00096"]
[Site "LSS email"]
[Date "2012.05.15"]
[Round "?"]
[White "Ponting, Andrew"]
[Black "Semenov, Stanislav"]
[Result "0-1"]
[WhiteElo "1502"]
[BlackElo "1782"]
[PlyCount "48"]
[EventDate "2012.01.25"]
[EventType "tourn (corr)"]
[EventRounds "6"]
[EventCountry "GER"]
[SourceTitle "Telechess CBM 153"]
[Source "ChessBase"]
[SourceDate "2013.03.14"]
[SourceVersion "1"]
[SourceVersionDate "2013.03.14"]
[SourceQuality "1"]

1. d4 Nf6 2. c4 d5 3. cxd5 g6 4. Nf3 Bg7 5. Nc3 Nxd5 6. e4 Nxc3 7. bxc3 c5 8. Bc4 cxd4 9. cxd4 Nc6 10. Be3 0-0 11. 0-0 Bg4 12. Bd5 Bxf3 13. gxf3 Na5 14. Rb1 e6 15. Bxb7 Rb8 16. Ba6 Rxb1 17. Qxb1 Nc6 18. Rd1 Nxd4 19. Bxd4 Bxd4 20. f4 Qf6 21. Qd3 e5 22. f5 Rd8 23. Qf1 Bxf2+ 24. Kxf2 Qh4+ 0-1

[Event "BI-2012-P-00015"]
[Site "LSS email"]
[Date "2012.04.20"]
[Round "?"]
[White "Hlavica, Bretislav"]
[Black "Semenov, Stanislav"]
[Result "1/2-1/2"]
[WhiteElo "2039"]
[BlackElo "1828"]
[PlyCount "65"]
[EventDate "2012.04.22"]
[EventType "tourn (corr)"]
[EventRounds "10"]
[EventCountry "GER"]
[SourceTitle "Telechess CBM 159"]
[Source "ChessBase"]
[SourceDate "2014.03.17"]
[SourceVersion "1"]
[SourceVersionDate "2014.03.17"]
[SourceQuality "1"]

1. d4 d5 2. c4 c6 3. Nf3 Nf6 4. e3 Bf5 5. Nc3 e6 6. Nh4 Be4 7. f3 Bg6 8. Qb3 Qc7 9. Bd2 Be7 10. Nxg6 hxg6 11. 0-0-0 dxc4 12. Bxc4 b5 13. Bd3 Nbd7 14. Kb1 a6 15. Ne4 Rc8 16. Nxf6+ Nxf6 17. Rc1 0-0 18. Rc2 Rfd8 19. Rhc1 Qxh2 20. g4 Qg3 21. Be2 Nd5 22. e4 Nf4 23. Bf1 Bg5 24. Be1 Qg1 25. Ba5 Qxd4 26. Bxd8 Rxd8 27. Rxc6 e5 28. Rc8 Ne6 29. Rxd8+ Qxd8 30. Rd1 Nd4 31. Qc3 Qf6 32. Bg2 Bh6 33. Rh1 1/2-1/2

[Event "BI-2012-P-00015"]
[Site "LSS email"]
[Date "2012.04.20"]
[Round "?"]
[White "Lombart, Philippe"]
[Black "Semenov, Stanislav"]
[Result "0-1"]
[WhiteElo "1807"]
[BlackElo "1828"]
[PlyCount "84"]
[EventDate "2012.04.22"]
[EventType "tourn (corr)"]
[EventRounds "10"]
[EventCountry "GER"]
[SourceTitle "Telechess CBM 159"]
[Source "ChessBase"]
[SourceDate "2014.03.17"]
[SourceVersion "1"]
[SourceVersionDate "2014.03.17"]
[SourceQuality "1"]

1. d4 Nf6 2. c4 e6 3. Nc3 Bb4 4. Qc2 0-0 5. e4 d5 6. e5 Ne4 7. Bd3 c5 8. cxd5 exd5 9. Nge2 cxd4 10. Nxd4 Nd7 11. f4 Qh4+ 12. g3 Qh3 13. Bf1 Qh6 14. Bg2 Qa6 15. Bxe4 dxe4 16. Kf2 Rd8 17. Be3 Bxc3 18. Qxc3 Nb6 19. Qc2 Nc4 20. Qxe4 Nxb2 21. Rhb1 Nc4 22. Rb4 Nxe3 23. Qxe3 Bh3 24. Qe2 Qa3 25. Rc4 h5 26. Rb1 Bg4 27. Qc2 Rd7 28. Rc3 Qa5 29. Nb3 Qd5 30. Kg1 Rad8 31. Rc1 b6 32. Qg2 Qb5 33. h3 Rd1+ 34. Kh2 Be6 35. h4 a5 36. Rxd1 Rxd1 37. Qf3 Bg4 38. Qa8+ Kh7 39. Qe4+ g6 40. a4 Qd7 41. Qc6 Qxc6 42. Rxc6 Be6 0-1

[Event "SD-2011-0-00126"]
[Site "LSS email"]
[Date "2012.01.04"]
[Round "?"]
[White "Casser, Aaron"]
[Black "Semenov, Stanislav"]
[Result "0-1"]
[WhiteElo "1407"]
[BlackElo "1828"]
[PlyCount "50"]
[EventDate "2011.11.27"]
[EventType "tourn (corr)"]
[EventRounds "6"]
[EventCountry "GER"]
[SourceTitle "Telechess CBM 159"]
[Source "ChessBase"]
[SourceDate "2014.03.17"]
[SourceVersion "1"]
[SourceVersionDate "2014.03.17"]
[SourceQuality "1"]

1. e4 e5 2. Nf3 Nc6 3. d4 exd4 4. Nxd4 Bc5 5. Be3 Qf6 6. c3 Nge7 7. Be2 d5 8. exd5 Nxd5 9. 0-0 0-0 10. Bf3 Nxe3 11. fxe3 Qh6 12. Qe2 Re8 13. Bxc6 bxc6 14. e4 Rb8 15. b3 Bd6 16. h3 Qg6 17. Qd3 c5 18. Nf5 c4 19. bxc4 Bc5+ 20. Kh1 Bxf5 21. exf5 Qg5 22. Qf3 Rb2 23. Qc6 Ree2 24. Nd2 Rexd2 25. Rae1 h5 0-1

[Event "SD-2011-0-00126"]
[Site "LSS email"]
[Date "2012.01.04"]
[Round "?"]
[White "Semenov, Stanislav"]
[Black "Ermolaev, Maksim Andreevich"]
[Result "1/2-1/2"]
[WhiteElo "1828"]
[BlackElo "2163"]
[PlyCount "86"]
[EventDate "2011.11.27"]
[EventType "tourn (corr)"]
[EventRounds "6"]
[EventCountry "GER"]
[SourceTitle "Telechess CBM 159"]
[Source "ChessBase"]
[SourceDate "2014.03.17"]
[SourceVersion "1"]
[SourceVersionDate "2014.03.17"]
[SourceQuality "1"]
[BlackTeam "IWEC (Canada)"]

1. e4 c5 2. Nf3 d6 3. Bb5+ Bd7 4. Bxd7+ Qxd7 5. 0-0 Nc6 6. c3 Nf6 7. Qe2 e6 8. d3 Be7 9. h3 0-0 10. Bf4 h6 11. Nbd2 a6 12. a4 b5 13. Rfd1 Rfd8 14. Bh2 Qb7 15. Rdb1 Nd7 16. Rd1 Nb6 17. axb5 axb5 18. d4 cxd4 19. Qxb5 dxc3 20. bxc3 Qc7 21. Nd4 Nxd4 22. cxd4 Na4 23. Rxa4 Qc2 24. Rda1 Rxa4 25. Qxa4 Qxd2 26. d5 Bh4 27. Rf1 e5 28. Qc4 Ra8 29. Bg3 Bxg3 30. fxg3 Qd4+ 31. Qxd4 exd4 32. Rd1 Ra4 33. Kf2 g6 34. Ke2 Kg7 35. Rf1 Ra2+ 36. Kd3 h5 37. Kxd4 Rxg2 38. Rf3 g5 39. Rd3 Kf6 40. Rf3+ Ke7 41. Ra3 Rd2+ 42. Kc4 Kf6 43. Ra7 Rc2+ 1/2-1/2

[Event "OP-2011-0-01964"]
[Site "LSS email"]
[Date "2011.12.27"]
[Round "?"]
[White "Shubin, Viktor Petrovich"]
[Black "Semenov, Stanislav"]
[Result "0-1"]
[WhiteElo "2020"]
[BlackElo "1725"]
[PlyCount "72"]
[EventDate "2011.12.24"]
[EventType "tourn (corr)"]
[EventRounds "4"]
[EventCountry "GER"]
[SourceTitle "Telechess CBM 153"]
[Source "ChessBase"]
[SourceDate "2013.03.14"]
[SourceVersion "1"]
[SourceVersionDate "2013.03.14"]
[SourceQuality "1"]

1. e4 c5 2. c3 Nf6 3. e5 Nd5 4. d4 cxd4 5. Nf3 e6 6. cxd4 d6 7. Bc4 Be7 8. 0-0 0-0 9. Bd2 dxe5 10. dxe5 b6 11. Nc3 Nxc3 12. Bxc3 Bb7 13. Qe2 Nd7 14. Nd4 Qc7 15. f4 Rac8 16. b3 Nc5 17. Bb2 a6 18. a4 g6 19. Rad1 Rcd8 20. Rc1 Qb8 21. Rfe1 Bd5 22. Rc2 Qb7 23. Qe3 Bxc4 24. Rxc4 Rd5 25. Rc2 Rfd8 26. h3 R5d7 27. Kh2 Qd5 28. Rce2 h6 29. Rc1 a5 30. Rcc2 Kh7 31. Rc4 Qb7 32. Qc3 Kg8 33. Qe3 h5 34. Qc3 Bf8 35. Qe3 Qd5 36. Kg1 b5 0-1